Central Library OPAC University of Rajshahi

Totem und Tabu : (Record no. 29230)

MARC details
000 -LEADER
fixed length control field 01074nam a2200289 i 4500
001 - CONTROL NUMBER
control field 29230
003 - CONTROL NUMBER IDENTIFIER
rucl marc code BD-RjUL
005 - DATE AND TIME OF LATEST TRANSACTION
control field 20211209051403.0
008 - FIXED-LENGTH DATA ELEMENTS--GENERAL INFORMATION
fixed length control field 140402s1913 ge b 000 0 ger d
035 ## - SYSTEM CONTROL NUMBER
System control number (BD-RjUL)29315
040 ## - CATALOGING SOURCE
Original cataloging agency DLC
Transcribing agency DLC
Modifying agency BD-RjUL
Language of cataloging eng
041 ## - LANGUAGE CODE
Language code of text/sound track or separate title eng
082 ## - DEWEY DECIMAL CLASSIFICATION NUMBER
Classification number 131.34
Author mark and year FRT 1913
100 1# - MAIN ENTRY--PERSONAL NAME
Personal name Freud, Sigmund,
Dates associated with a name 1856-1939.
9 (RLIN) 89235
245 10 - TITLE STATEMENT
Title Totem und Tabu :
Remainder of title einige Übereinstimmungen im Seelenleben der Wilden und der Neurotiker /
Statement of responsibility, etc. von Sigm. Freud.
260 ## - PUBLICATION, DISTRIBUTION, ETC. (IMPRINT)
Place of publication, distribution, etc. Leipzig :
Name of publisher, distributor, etc. H. Heller,
Date of publication, distribution, etc. 1913.
300 ## - PHYSICAL DESCRIPTION
Pagination 149 p. ;
Size 26 cm.
500 ## - GENERAL NOTE
General note "Sonderabdruck aus 'Imago,' Bd. I u. II, 1912/13." Reset in new type, with a new pref., several paragraphs omitted, and title changed from the original Über einige Übereinstimmungen im Seelenleben der Wilden und der Neurotiker.
504 ## - BIBLIOGRAPHY, ETC. NOTE
Bibliography, etc Includes bibliographical references.
650 #0 - SUBJECT ADDED ENTRY--TOPICAL TERM
Topical term or geographic name as entry element Neuroses.
9 (RLIN) 89236
Topical term or geographic name as entry element Taboo.
9 (RLIN) 20227
Topical term or geographic name as entry element Totemism.
9 (RLIN) 20228
Topical term or geographic name as entry element Psychoanalysis.
9 (RLIN) 89237
942 ## - ADDED ENTRY ELEMENTS (KOHA)
Source of classification or shelving scheme Dewey Decimal Classification
Koha item type Books
Holdings
Lost status Source of classification or shelving scheme Damaged status Not for loan Collection code Permanent Location Current Location Shelving location Date acquired Source of acquisition Cost, normal purchase price Total Checkouts Full call number Date last seen Copy number Koha item type
  Dewey Decimal Classification   Added to bundle Non-fiction Central Library, University of Rajshahi Central Library, University of Rajshahi Reading Room 06/03/1956 B.H.Blackwell 0.00   131.34 FRT 1913 02/04/2014 C-1 Books